ბათუმის შოთა რუსთაველის სახელმწიფო უნივერსიტეტის ბიბლიოთეკა

ეკატერინე ჭავჭავაძე : ქრონიკა. ტ. 2. (ბიბ.ჩანაწერი № 48883)

000 -LEADER
fixed length control field 00723nam a2200205Ia 4500
001 - CONTROL NUMBER
control field 15786
003 - CONTROL NUMBER IDENTIFIER
control field GE_BSU
008 - FIXED-LENGTH DATA ELEMENTS--GENERAL INFORMATION
fixed length control field 181216s||||||||xx |||||||||||||| ||und||
040 ## - CATALOGING SOURCE
Transcribing agency GE_BSU
080 ## - UNIVERSAL DECIMAL CLASSIFICATION NUMBER
Universal Decimal Classification number 821.353.1-31
100 ## - MAIN ENTRY--PERSONAL NAME
Personal name ჭილაია, სერგი (1912-1992)
245 ## - TITLE STATEMENT
Title ეკატერინე ჭავჭავაძე : ქრონიკა. ტ. 2.
245 ## - TITLE STATEMENT
Remainder of title ისტორიული რომანი
260 ## - PUBLICATION, DISTRIBUTION, ETC.
Place of publication, distribution, etc. თბილისი
260 ## - PUBLICATION, DISTRIBUTION, ETC.
Name of publisher, distributor, etc. ლიტერატურა და ხელოვნება
260 ## - PUBLICATION, DISTRIBUTION, ETC.
Date of publication, distribution, etc. 1967
300 ## - PHYSICAL DESCRIPTION
Extent 306 გვ.20 სმ.
653 ## - INDEX TERM--UNCONTROLLED
Uncontrolled term ეკატერინე ჭავჭავაძე : ქრონიკა
942 ## - ADDED ENTRY ELEMENTS (KOHA)
Koha item type წიგნი
ეგზემპლარები
Withdrawn status Lost status Damaged status Not for loan Date acquired Barcode Date last seen Price effective from Koha item type
        2018-12-17 39256 2018-12-17 2018-12-17 წიგნი
        2018-12-17 39257 2018-12-17 2018-12-17 წიგნი